[Event "SE-2011-0-00092"]
[Site "LSS email"]
[Date "2011.11.15"]
[Round "?"]
[White "Serov, Anton"]
[Black "Moreno Roman, Alejandro"]
[Result "0-1"]
[WhiteElo "1268"]
[BlackElo "1173"]
[PlyCount "28"]
[EventDate "2011.10.19"]
[EventType "tourn (corr)"]
[EventRounds "6"]
[EventCountry "GER"]
[SourceTitle "Corr 2015"]
[Source "ChessBase"]
[SourceDate "2015.07.17"]
[SourceVersion "1"]
[SourceVersionDate "2015.07.17"]
[SourceQuality "1"]

1. e4 c6 2. d4 d5 3. e5 Bf5 4. Nf3 e6 5. Be2 Nd7 6. 0-0 Ne7 7. Nbd2 Nc8 8. c4 Be7 9. Qb3 Qb6 10. Qe3 0-0 11. b3 a5 12. h3 Qd8 13. Bb2 b6 14. Rfd1 Na7 0-1

[Event "LSS RF-2011-0-00096"]
[Site "LSS email"]
[Date "2011.11.12"]
[Round "?"]
[White "Serov, Anton"]
[Black "Guaimare Rodriguez, Carlos Luis"]
[Result "1-0"]
[WhiteElo "1264"]
[BlackElo "1114"]
[PlyCount "33"]
[EventDate "2011.10.06"]
[EventType "tourn (corr)"]
[EventRounds "6"]
[EventCountry "GER"]
[SourceTitle "Corr 2015"]
[Source "ChessBase"]
[SourceDate "2015.07.17"]
[SourceVersion "1"]
[SourceVersionDate "2015.07.17"]
[SourceQuality "1"]

1. e4 c6 2. d4 d5 3. e5 Bf5 4. Nf3 e6 5. Be2 c5 6. Be3 Qb6 7. Nc3 Qxb2 8. Qb1 Qxb1+ 9. Rxb1 b6 10. dxc5 bxc5 11. Rb7 d4 12. Ng5 Bg6 13. Nb5 Na6 14. Bd2 h6 15. Nxd4 hxg5 16. Bb5+ Kd8 17. Nc6+ 1-0

[Event "LSS RF-2011-0-00096"]
[Site "LSS email"]
[Date "2011.11.12"]
[Round "?"]
[White "Serov, Anton"]
[Black "Hogan, Bernardo"]
[Result "1-0"]
[WhiteElo "1264"]
[BlackElo "1124"]
[PlyCount "35"]
[EventDate "2011.10.06"]
[EventType "tourn (corr)"]
[EventRounds "6"]
[EventCountry "GER"]
[SourceTitle "Telechess CBM 157"]
[Source "ChessBase"]
[SourceDate "2013.11.12"]
[SourceVersion "1"]
[SourceVersionDate "2013.11.12"]
[SourceQuality "1"]

1. e4 c5 2. Nf3 Nc6 3. d4 cxd4 4. Nxd4 Nf6 5. Nc3 d6 6. Bg5 Nxd4 7. Qxd4 Qa5 8. Bb5+ Bd7 9. Bxf6 gxf6 10. Bxd7+ Kxd7 11. 0-0 Rc8 12. Rad1 Bh6 13. Nd5 Bg7 14. Nxe7 Qa6 15. Nf5 Rhg8 16. Nxd6 f5 17. Qd5 Rcf8 18. Ne8+ 1-0

[Event "LSS RF-2011-0-00096"]
[Site "LSS email"]
[Date "2011.11.12"]
[Round "?"]
[White "Serov, Anton"]
[Black "Tittarelli, Adriano"]
[Result "1-0"]
[WhiteElo "1264"]
[BlackElo "1101"]
[PlyCount "57"]
[EventDate "2011.10.06"]
[EventType "tourn (corr)"]
[EventRounds "6"]
[EventCountry "GER"]
[SourceTitle "Telechess CBM 157"]
[Source "ChessBase"]
[SourceDate "2013.11.12"]
[SourceVersion "1"]
[SourceVersionDate "2013.11.12"]
[SourceQuality "1"]

1. e4 g6 2. d4 Bg7 3. Nc3 d6 4. Be3 c6 5. Qd2 Nd7 6. f4 e6 7. Nf3 Ne7 8. Bd3 0-0 9. 0-0-0 b5 10. e5 d5 11. h4 a6 12. h5 Nf5 13. Bf2 Qa5 14. hxg6 fxg6 15. Kb1 Nb6 16. g4 Ne7 17. Nxd5 Qxd2 18. Nxe7+ Kf7 19. Rxd2 Kxe7 20. d5 Nxd5 21. Bc5+ Kf7 22. Ng5+ Kg8 23. Bxf8 Bxf8 24. Rxh7 Nxf4 25. Be4 Nd5 26. Bxg6 Bg7 27. Bf7+ Kf8 28. Bxe6 Bxe6 29. Nxe6+ 1-0

[Event "LSS RF-2011-0-00096"]
[Site "LSS email"]
[Date "2011.11.12"]
[Round "?"]
[White "Vogel, Helmut"]
[Black "Serov, Anton"]
[Result "0-1"]
[WhiteElo "1216"]
[BlackElo "1264"]
[PlyCount "54"]
[EventDate "2011.10.06"]
[EventType "tourn (corr)"]
[EventRounds "6"]
[EventCountry "GER"]
[SourceTitle "Telechess CBM 157"]
[Source "ChessBase"]
[SourceDate "2013.11.12"]
[SourceVersion "1"]
[SourceVersionDate "2013.11.12"]
[SourceQuality "1"]

1. e4 c5 2. Nf3 d6 3. d4 cxd4 4. Nxd4 Nf6 5. Nc3 a6 6. Be2 e5 7. Nb3 Be7 8. Be3 Be6 9. 0-0 0-0 10. Kh1 Nc6 11. f3 d5 12. exd5 Bxd5 13. Bg5 Be6 14. Bxf6 Bxf6 15. Ne4 Be7 16. Qxd8 Raxd8 17. Nec5 Bc8 18. Rad1 g6 19. c3 Kg7 20. h3 Nb8 21. Nd3 Nd7 22. Kh2 h5 23. f4 e4 24. Ne5 Nb6 25. Rg1 h4 26. g3 hxg3+ 27. Kxg3 Rh8 0-1

[Event "OP-2011-0-01695"]
[Site "LSS email"]
[Date "2011.08.01"]
[Round "?"]
[White "Serov, Anton"]
[Black "Larwinski, Paul"]
[Result "1/2-1/2"]
[WhiteElo "1264"]
[BlackElo "2035"]
[PlyCount "81"]
[EventDate "2011.07.29"]
[EventType "tourn (corr)"]
[EventRounds "4"]
[EventCountry "GER"]
[SourceTitle "Telechess CBM 157"]
[Source "ChessBase"]
[SourceDate "2013.11.12"]
[SourceVersion "1"]
[SourceVersionDate "2013.11.12"]
[SourceQuality "1"]

1. e4 c5 2. Nf3 Nc6 3. Nc3 g6 4. d4 cxd4 5. Nxd4 Bg7 6. Be3 Nf6 7. Bc4 0-0 8. Bb3 d6 9. f3 Na5 10. Qd2 a6 11. 0-0-0 b5 12. h4 b4 13. Na4 Bd7 14. g4 e5 15. Ne2 Nxb3+ 16. axb3 Bxa4 17. bxa4 Qa5 18. g5 Qxa4 19. Kb1 Nh5 20. Qxd6 Rfc8 21. Rd2 b3 22. cxb3 Qxb3 23. Qd3 Qxd3+ 24. Rxd3 f5 25. Nc3 Rab8 26. Rc1 a5 27. Ka2 Nf4 28. Rd7 fxe4 29. fxe4 Rd8 30. Rcd1 Rxd7 31. Rxd7 h5 32. gxh6 Bxh6 33. Ba7 Rc8 34. Bb6 Bf8 35. Bc7 Re8 36. Kb3 Ne6 37. Bd6 Bxd6 38. Rxd6 Kg7 39. Ka4 Nc5+ 40. Kb5 Nb3 41. Rd5 1/2-1/2